|
|
|
|
| LEADER |
00000nam0a2200000 4500 |
| 001 |
345972 |
| 005 |
20231102005833.0 |
| 010 |
|
|
|a 9785020403253
|
| 035 |
|
|
|a (RuTPU)RU\TPU\book\377828
|
| 090 |
|
|
|a 345972
|
| 100 |
|
|
|a 20210422d2020 k y0rusy50 ca
|
| 101 |
0 |
|
|a rus
|
| 102 |
|
|
|a RU
|
| 105 |
|
|
|a a z 001zy
|
| 200 |
1 |
|
|a Крупные млекопитающие Кударской плейстоценовой фауны Кавказа
|f Г. Ф. Барышников
|g Российская академия наук, Зоологический институт ; гл. ред. Н. Б. Ананьева
|
| 210 |
|
|
|a Санкт-Петербург
|c Наука
|d 2020
|
| 215 |
|
|
|a 399 с.
|c ил.
|
| 225 |
1 |
|
|a Труды зоологического института Российской академии наук
|v Приложение № 9
|
| 320 |
|
|
|a Библиогр.: с. 363-391
|
| 330 |
|
|
|a Дана монографическая характеристика фауны крупных млекопитающих палеолитических стоянок в пещерах Кударо 1 и Кударо 3 на Южном Кавказе, включающей 31 вид из 6 отрядов. Описаны два новых таксона видового ранга (Alces alces vereshchagini, Ovis tioubini). Общее таксономическое разнообразие позвоночных насчитывает 125 видов. Приведена биостратиграфическая характеристика пещерных отложений, прослежены изменения фауны на протяжении среднего и позднего плейстоцена, охарактеризованы 8 териокомплексов Кавказа. Тафономический и археологический анализы остеологического материала показали, что кударские пещеры использовались преимущественно пещерными медведями как зимние берлоги. Участие древнего человека в формировании и модификации костного скопления не было определяющим, но роль его на некоторых уровнях возрастала.
|
| 606 |
1 |
|
|a Млекопитающие ископаемые
|2 stltpush
|3 (RuTPU)RU\TPU\subj\44131
|9 63504
|
| 610 |
1 |
|
|a Кавказ
|
| 610 |
1 |
|
|a плейстоцен
|
| 610 |
1 |
|
|a ископаемые животные
|
| 610 |
1 |
|
|a Кударо
|
| 610 |
1 |
|
|a Кударское ущелье
|
| 610 |
1 |
|
|a приматы
|
| 610 |
1 |
|
|a зайцеобразные
|
| 610 |
1 |
|
|a хищные
|
| 610 |
1 |
|
|a непарнопалые
|
| 610 |
1 |
|
|a парнопалые
|
| 675 |
|
|
|a 569
|v 4
|
| 700 |
|
1 |
|a Барышников
|b Г. Ф.
|g Геннадий Федорович
|
| 702 |
|
1 |
|a Ананьева
|b Н. Б.
|4 340
|
| 712 |
0 |
2 |
|a Российская академия наук
|b Зоологический институт
|c (Санкт-Петербург)
|2 stltpush
|3 (RuTPU)RU\TPU\col\5762
|9 24120
|
| 801 |
|
1 |
|a RU
|b 63413507
|c 20210422
|
| 801 |
|
2 |
|a RU
|b 63413507
|c 20210521
|g RCR
|
| 942 |
|
|
|c BK
|